Complete biology for medical college entrance examinations / (Record no. 70810)

MARC details
000 -LEADER
fixed length control field 01094nam a22002897a 4500
005 - DATE AND TIME OF LATEST TRANSACTION
control field 20121011113636.0
008 - FIXED-LENGTH DATA ELEMENTS--GENERAL INFORMATION
fixed length control field 121011t xxu||||| |||| 00| 0 eng d
010 ## - LCCN (DPL NO)
LC control number ENG-106067
020 ## - INTERNATIONAL STANDARD BOOK NUMBER
International Standard Book Number 9781259001246
Terms of availability 550.00
020 ## - INTERNATIONAL STANDARD BOOK NUMBER
International Standard Book Number 1259001245
Terms of availability 550.00
035 ## - SYSTEM CONTROL NUMBER
System control number EN-89600
037 ## - SOURCE OF ACQUISITION
Source of stock number/acquisition DBAD / PUB
040 ## - CATALOGING SOURCE
Original cataloging agency dpl
Language of cataloging English
082 ## - DEWEY DECIMAL CLASSIFICATION NUMBER
Classification number 574
100 ## - MAIN ENTRY--PERSONAL NAME
Personal name Vinay Kumar
9 (RLIN) 1504
245 ## - TITLE STATEMENT
Title Complete biology for medical college entrance examinations /
Statement of responsibility, etc by Vinay Kumar [and] S.S. Bhatia
250 ## - EDITION STATEMENT
Edition statement 2nd ed
260 ## - PUBLICATION, DISTRIBUTION, ETC. (IMPRINT)
Place of publication, distribution, etc New Delhi
Name of publisher, distributor, etc Tata McGraw-Hill
Date of publication, distribution, etc 2012
270 ## - ADDRESS
Address 7 West Patel Nagar,
City New Delhi
Postal code 110008
300 ## - PHYSICAL DESCRIPTION
Extent xviii,1222p. :
Dimensions 25cm(pbk)
Other physical details ill.
490 ## - SERIES STATEMENT
Series statement Tata McGraw-Hill's winning edge series
-- 1235
650 ## - SUBJECT ADDED ENTRY--TOPICAL TERM
Topical term or geographic name as entry element Biology
General subdivision Examination, question, etc.
9 (RLIN) 53035
700 ## - ADDED ENTRY--PERSONAL NAME
Personal name Bhatia, S.S.
9 (RLIN) 53036
942 ## - ADDED ENTRY ELEMENTS (KOHA)
Source of classification or shelving scheme Dewey Decimal Classification
Item type English Books
Call number suffix VIN
Classification part 574
Holdings
Withdrawn status Lost status Source of classification or shelving scheme Damaged status Not for loan Collection code Home library Current library Date acquired Source of acquisition Cost, normal purchase price Total Checkouts Full call number Barcode Date last seen Copy number Cost, replacement price Koha item type
    Dewey Decimal Classification   Not For Loan Non-fiction D.B.Act.Division D.B.Act.Division 11/10/2012 DBAD/PUB 550.00   574 VIN EN-89600 11/10/2012 1 550.00 English Books

© Delhi Public Library
Hit Counter
free hit counter